000 00743nam a22002057a 4500
999 _c18434
_d18434
003 AR-CdUCM
008 190514b ||||| |||| 00| 0 spa d
040 _aMUNICIPALIDAD PROVINCIAL DEL CUSCO
_cBIBLIOTECA MUNICIPAL DEL CUSCO
082 _a121 /
_bG85
100 _aGuardia Mayorga, Cesar
_93220
245 _aProblemas del conocimiento /
260 _aLima :
_c1964.
300 _aXII, 206 páginas ;
_c22.5 cm.
505 _aContenido: Problemas iniciales -- Capacidad cognoscitiva del hombre -- Objeto del conocimiento -- Objetividad del mundo exterior -- Formas de conocimiento ...
650 _aEl hombre
_916004
650 _aConocimientos
_919868
650 _aFilosofía
_9395
942 _2ddc
_cLIBROS
945 _aachl
_d2019-05-14